<?xml version="1.0" encoding="UTF-8"?>
<record
    xmlns:xsi="http://www.w3.org/2001/XMLSchema-instance"
    xsi:schemaLocation="http://www.loc.gov/MARC21/slim http://www.loc.gov/standards/marcxml/schema/MARC21slim.xsd"
    xmlns="http://www.loc.gov/MARC21/slim">

  <leader>00427nam a2200169Ia 4500</leader>
  <controlfield tag="008">230516s9999    xx            000 0 und d</controlfield>
  <datafield tag="041" ind1=" " ind2=" ">
    <subfield code="a">eng</subfield>
  </datafield>
  <datafield tag="082" ind1=" " ind2=" ">
    <subfield code="a">615.4</subfield>
    <subfield code="b">CAR</subfield>
  </datafield>
  <datafield tag="100" ind1=" " ind2=" ">
    <subfield code="a">CARTER S. J.</subfield>
  </datafield>
  <datafield tag="245" ind1=" " ind2=" ">
    <subfield code="a">COOPER &amp; GUN'S DISPENSING FOR PHARMACEUTICAL STUDENTS</subfield>
  </datafield>
  <datafield tag="250" ind1=" " ind2=" ">
    <subfield code="a">12TH</subfield>
  </datafield>
  <datafield tag="260" ind1=" " ind2=" ">
    <subfield code="b">CBS PUBLISHERS &amp; DISTRIBUTOR PVT. LTD.</subfield>
    <subfield code="c">2008</subfield>
  </datafield>
  <datafield tag="300" ind1=" " ind2=" ">
    <subfield code="a">759</subfield>
  </datafield>
  <datafield tag="365" ind1=" " ind2=" ">
    <subfield code="h">20%</subfield>
  </datafield>
  <datafield tag="520" ind1=" " ind2=" ">
    <subfield code="a">PH</subfield>
  </datafield>
  <datafield tag="650" ind1=" " ind2=" ">
    <subfield code="a">PHARMACEUTICS</subfield>
  </datafield>
  <datafield tag="999" ind1=" " ind2=" ">
    <subfield code="c">372923</subfield>
    <subfield code="d">372923</subfield>
  </datafield>
  <datafield tag="952" ind1=" " ind2=" ">
    <subfield code="0">0</subfield>
    <subfield code="1">0</subfield>
    <subfield code="4">0</subfield>
    <subfield code="7">0</subfield>
    <subfield code="a">PCM</subfield>
    <subfield code="b">PCM</subfield>
    <subfield code="d">2023-05-16</subfield>
    <subfield code="e">Sai Book Center, 693, Budhwar peth 1/2 Saubhagya building, Bajirao Road, Pune-411002 020-24473272 Email: saibookpune@yahoo.in</subfield>
    <subfield code="g">525.00</subfield>
    <subfield code="l">0</subfield>
    <subfield code="o">615.4 CAR</subfield>
    <subfield code="p">PCM-B-10668</subfield>
    <subfield code="r">2023-05-16 00:00:00</subfield>
    <subfield code="w">2023-05-16</subfield>
    <subfield code="y">BK</subfield>
  </datafield>
</record>
